Sentencing reform (Record no. 1885)
[ view plain ]
| 000 -LEADER | |
|---|---|
| fixed length control field | nam a22 a 4500 |
| 005 - DATE AND TIME OF LATEST TRANSACTION | |
| control field | 20170512113845.0 |
| 008 - FIXED-LENGTH DATA ELEMENTS--GENERAL INFORMATION | |
| fixed length control field | 170512b1982 enk||||| |||| 00| 0 eng d |
| 020 ## - INTERNATIONAL STANDARD BOOK NUMBER | |
| International Standard Book Number | 0803918593 (pbk) |
| Terms of availability | Unpriced |
| 020 ## - INTERNATIONAL STANDARD BOOK NUMBER | |
| International Standard Book Number | 0803918585 (cased) |
| Terms of availability | Unpriced |
| 040 ## - CATALOGING SOURCE | |
| Original cataloging agency | AKMAL |
| 082 ## - DEWEY DECIMAL CLASSIFICATION NUMBER | |
| Edition number | 18 |
| Classification number | 345.7307 FOR |
| 090 ## - LOCALLY ASSIGNED LC-TYPE CALL NUMBER (OCLC); LOCAL CALL NUMBER (RLIN) | |
| Classification number (OCLC) (R) ; Classification number, CALL (RLIN) (NR) | 345.7307 |
| Local cutter number (OCLC) ; Book number/undivided call number, CALL (RLIN) | FOR |
| 245 00 - TITLE STATEMENT | |
| Title | Sentencing reform |
| Remainder of title | experiments in reducing disparity / |
| Statement of responsibility, etc. | Martin L. Forst, editor. |
| 260 ## - PUBLICATION, DISTRIBUTION, ETC. | |
| Place of publication, distribution, etc. | Beverly Hills, [Calif.] |
| -- | London |
| Name of publisher, distributor, etc. | Sage |
| Date of publication, distribution, etc. | c1982. |
| 300 ## - PHYSICAL DESCRIPTION | |
| Extent | 247p. |
| Other physical details | ill. |
| Dimensions | 23cm |
| 490 ## - SERIES STATEMENT | |
| Series statement | Sage criminal justice system annuals |
| Volume/sequential designation | v.17 |
| 500 ## - GENERAL NOTE | |
| General note | Includes index. |
| 650 ## - SUBJECT ADDED ENTRY--TOPICAL TERM | |
| Topical term or geographic name entry element | Sentences (Criminal procedure) |
| Geographic subdivision | United States. |
| 9 (RLIN) | 3910 |
| 650 ## - SUBJECT ADDED ENTRY--TOPICAL TERM | |
| Topical term or geographic name entry element | Sentences (Criminal procedure) |
| Geographic subdivision | California. |
| 9 (RLIN) | 3911 |
| 700 ## - ADDED ENTRY--PERSONAL NAME | |
| Personal name | Forst, Martin L. |
| Fuller form of name | (Martin Lyle) |
| 9 (RLIN) | 3912 |
| 852 ## - LOCATION | |
| Location | British Library |
| Sublocation or collection | HMNTS |
| 942 ## - ADDED ENTRY ELEMENTS (KOHA) | |
| Source of classification or shelving scheme | |
| Koha item type | Book |
| Withdrawn status | Lost status | Source of classification or shelving scheme | Damaged status | Not for loan | Collection code | Home library | Current library | Shelving location | Date acquired | Inventory number | Total Checkouts | Full call number | Barcode | Date last seen | Price effective from | Koha item type |
|---|---|---|---|---|---|---|---|---|---|---|---|---|---|---|---|---|
| NON-FICTION | AKMAL Melaka | AKMAL Melaka | PINJAMAN | 12.05.2017 | 301730 | 345.7307 FOR | 201705828 | 12.05.2017 | 12.05.2017 | Book | ||||||
| NON-FICTION | AKMAL Melaka | AKMAL Melaka | PINJAMAN | 12.05.2017 | 301527 | 345.7307 FOR | 201705827 | 12.05.2017 | 12.05.2017 | Book |
